000 00710cam a22002531 4500
001 sa 67001108
003 DLC
005 20260227112319.0
008 891229s1966 ii 000 1 hino
010 _asa 67001108
035 _a(OCoLC)20835557
040 _aDLC
_cWaU
_dNRU
_dDLC
042 _apremarc
050 0 0 _aPK2077
_b.C49
100 1 _aChaturvedi, Tapesh Kumar,
_d1929-
245 1 0 _aĀn̆cala ḍola gayā.
_cSampādaka Tapeśa Caturvedī.
250 _a[1. saṃskaraṇa]
260 _aĀgarā,
_bPragati Prakāśana
_c[1966?]
300 _a120 p.
_c19 cm.
440 0 _aPragati pustaka mālā ;
_v33
500 _aIn Hindi.
500 _aShort stories.
650 0 _aShort stories, Hindi.
999 _c72388
_d72388